000 00875nam a22002777a 4500
001 BR8703043
003 BR-BrBNA
005 20230928092551.0
007 ta
008 230509b bl.||||| |||| 00| 0 por d
040 _aBR-BrBNA
_bpor
_cBiblioteca Nacional de Agricultura
041 _a(Por)
072 _aE50
_b/G514
090 _ E50 BR8703043
100 1 _aMoreira, T.P.
110 1 _aUniversidade Federal da Paraiba, Campina Grande (Brasil)
_0Tese (Mestrado)
_910750
245 1 _aIntervencao do servico social na comunidade rural de cha dos Pereiras, Inga-Paraiba
260 3 _aCampina Grande, PB (Brasil):
_c1980.
300 _a204 p.
500 _a(*) Documento disponível no(a) EMATER, Joao Pessoa, PB (Brazil). Biblioteca
650 _aSOCIOLOGIA RURAL
650 _aINGA
650 _aPARAIBA
909 _a202309
_bLucia
_c55
_dLucia Elande
942 _cBK
999 _c39856
_d39856